000 00567nam a22002177a 4500
003 UA-OsUOA
001 38263
007 ta
008 20071122b un ||||| |||| 00| 0 ukr d
090 _a331.5
_bТ78
942 _cBK
040 _aUA-OsUOA
_bukr
_cUA-OsUOA
_dUA-OsUOA
245 _aТрудова міграція громадян України. Біла книга.
300 _a201 с.
955 _a1
041 _aukr
080 _a331.5
260 _aКиїв
_bВПЦ "Київський університет"
_c2006
650 7 _2UDC
999 _c436782
_d436782